00792nam a2200205 i 450000100060000000300090000600500170001500700030003200800410003510000350007624500810011126000900019230000220028249000390030470000270034383000470037085200310041799900170044895201210046543958ES-MaACL20230906160922.0t|030320s1934 fr ||||1| fre d1 aCicerón, Marco Tulio.93874810aCorrespondance / cCicerón ; texte établi et traduit par L. A. Constans. aParis : bSocieté d'Education "Les Belles Lettres", c1934 (eDijon : fDarautiere) a297 p. ; c21 cm.1 aCollection Universités de France1 aConstans, L. A.9402410 aCollection Universités de France9182002 aES-MaACLjE-3635 bR.14336 c43958d43958 00104070aATENEOMbATENEOMcDEPO2d2008-01-17eSCl0oE-3635p1046270r2023-02-23 00:00:00w2023-02-23yMONOGRAFIA